000 00339nam a2200121Ia 4500
008 190216s9999||||xx |||||||||||||| ||und||
100 _aPrasanna Chandra
245 0 _aFinancial Management Theory And Practice 8th Edn With C D
260 _bTata Mcgrawhill Publishers
_c2001
300 _a951p
650 _aFinancial Management
942 _cBK
999 _c5889
_d5889